Explaining Ideology: Mechanisms and metaphysics (Record no. 514767)

000 -LEADER
fixed length control field 01260nam a22001577a 4500
008 - FIXED-LENGTH DATA ELEMENTS--GENERAL INFORMATION
fixed length control field 201212b ||||| |||| 00| 0 eng d
100 ## - MAIN ENTRY--PERSONAL NAME
Personal name Bianchin, Matteo.
245 ## - TITLE STATEMENT
Title Explaining Ideology: Mechanisms and metaphysics
260 ## - PUBLICATION, DISTRIBUTION, ETC. (IMPRINT)
Place of publication, distribution, etc Philosophy of The Social Sciences
300 ## - PHYSICAL DESCRIPTION
Extent 50(4), Jul, 2020: p,313-337
520 ## - SUMMARY, ETC.
Summary, etc Ideology is commonly defined along functional, epistemic, and genetic dimensions. This article advances a reasonably unified account that specifies how they connect and locates the mechanisms at work. I frame the account along a recent distinction between anchoring and grounding, endorse an etiological reading of functional explanations, and draw on current work about the epistemology of delusion, looping effects, and structuring causes to explain how ideologies originate, reproduce, and possibly collapse. This eventually allows articulating how the legitimating function of ideologies relates to the constitutive and causal role they play when embedded into the facts they are originally designed to anchor. - Reproduced
650 ## - SUBJECT ADDED ENTRY--TOPICAL TERM
Topical term or geographic name as entry element Ideology, Anchoring and grounding, Etiological functions, Delusions, Looping effects
9 (RLIN) 19618
773 ## - HOST ITEM ENTRY
Main entry heading Philosophy of The Social Sciences
906 ## - LOCAL DATA ELEMENT F, LDF (RLIN)
Subject DIP IDEOLOGY
942 ## - ADDED ENTRY ELEMENTS (KOHA)
Item type Articles
Holdings
Withdrawn status Lost status Source of classification or shelving scheme Damaged status Not for loan Permanent location Current location Date acquired Serial Enumeration / chronology Barcode Date last seen Koha item type
          Indian Institute of Public Administration Indian Institute of Public Administration 2020-12-12 50(4), Jul, 2020: p,313-337 AR123644 2020-12-12 Articles

Powered by Koha